| 000 | nam a22 7a 4500 | ||
|---|---|---|---|
| 999 |
_c29275 _d29275 |
||
| 008 | 171124b xxu||||| |||| 00| 0 eng d | ||
| 020 | _a9780335213962 | ||
| 050 | _aLB 2322.2 .E34 2003 | ||
| 100 |
_aEggins, Heather. _d2003. |
||
| 245 |
_aGlobalization and Reform in Higher Education / _bSociety for Research into Higher Education & Open University press / _cHeather, Eggins. |
||
| 250 | _a1st ed. | ||
| 260 |
_aUSA: _bOpen University press, _c2003. |
||
| 300 |
_axxi,254p. _bincludes bibliographical references and index. _c22cm |
||
| 650 | _aEducation. | ||
| 942 |
_2lcc _cBOOKS _hLB 2322.2 ,E34 2003. |
||